Normal view
MARC view
Entry Nome pessoal
001 - NÚMERO DE CONTROLE
- campo de controle: 131
003 - IDENTIFICADOR DO NÚMERO DE CONTROLE
- campo de controle: Br
005 - DATA E HORÁRIO DA ÚLTIMA TRANSAÇÃO
- campo de controle: 20250122094043.0
008 - CAMPO DE DADOS FIXOS
- campo de controle de tamanho fixo: 101060|| acnnnaab| aaaa d
035 ## - NÚMERO DE CONTROLE DO SISTEMA
- Número de Controle do Sistema: 101060814531096210
040 ## - FONTE DA CATALOGAÇÃO
- Instituição da catalogação original: Br
- Instituição que transcreveu o registro: Br
100 1# - CABEÇALHO--NOME PESSOAL
- Nome pessoal: Roa Bastos, Augusto Antonio,
- Datas associadas ao nome: 1917-2005.
400 1# - REMISSIVA VER--NOME PESSOAL
- Nome pessoal: Bastos, Augusto Antonio Roa
- Datas associadas ao nome: 1917-2005
400 1# - REMISSIVA VER--NOME PESSOAL
- Nome pessoal: Bastos, Augusto Roa
- Datas associadas ao nome: 1917-2005
400 1# - REMISSIVA VER--NOME PESSOAL
- Nome pessoal: Roa Bastos, Augusto
- Datas associadas ao nome: 1917-2005
670 ## - FONTE POSITIVA DOS DADOS
- Citação da fonte positiva dos dados: Autor de: El baldío. 1976
- Dados encontrados na fonte localizada no subcampo: (/ Augusto Roa Bastos)
670 ## - FONTE POSITIVA DOS DADOS
- Citação da fonte positiva dos dados: http://authorities.loc.gov 02/09/2009
- Dados encontrados na fonte localizada no subcampo: (nasceu em 13 de junho de 1917 em Assunção e faleceu em 26 de abril de 2005; foi um romancista paraguaio)
670 ## - FONTE POSITIVA DOS DADOS
- Citação da fonte positiva dos dados: http://pt.wikipedia.org/wiki/Augusto_Roa_Bastos 02/09/2009
- Dados encontrados na fonte localizada no subcampo: (foi um escritor paraguaio, conhecido nas áreas do ensaio, do guionismos e do romance ; D.)